000 00741nam a2200229Ii 4500
003 JO-AjNU
008 230605s9999||||xx |||||||||||||| ||und||
017 _a15610
040 _aJO-AjNU
_bara
_erda
_cJO-AjNU
041 _aara
050 1 4 _aPJ8261.D33 2015
100 3 _aضيف، شوقي,
_eauthor
_961962
245 0 0 _aعصر الدول والإمارات الشام
250 _aط5
264 3 1 _aالقاهرة: دار المعارف، 2015
300 _a350ص
336 _atext
_btxt
_2rdacontent
337 _aunmediated
_bn
_2rdamedia
338 _avolume
_bnc
_2rdacarrier
490 0 _aتاريخ الادب العرب6
650 4 _aالادب العربي- مصر- تاريخ ونقد- العصر العباسي
_961963
999 _aA28034
_c31602
_d31602